Statistics for University of Michigan Alumni

Click here to take the quiz!

General Stats

  • This quiz has been taken 16 times
  • The average score is 11 of 20

Answer Stats

HintYearsAnswer% Correct
38th President of the U.S.1932–1934Gerald R. Ford
100%
Singer known as "The Material Girl"1976–1978Madonna
100%
Swimmer who holds the record for the most gold medals in Olympic history2000sMichael Phelps
92%
Widely considered the greatest quarterback in NFL history1995–1999Tom Brady
92%
Asian-American actress who starred in "Charlie's Angels" and "Kill Bill"late 1980sLucy Liu
77%
Before attending U of M, she lived in the White House2019–?Sasha Obama
77%
All-time hits leader for the New York Yankees1992Derek Jeter
69%
He was the voice of Darth Vader1951–1955James Earl Jones
69%
Mail bomber who wrote an anti-technology manifesto published
in the Washington Post
1962–1967Ted Kaczynski
62%
Playwright who wrote "The Crucible" and "Death of a Salesman" and
was (briefly) married to Marilyn Monroe
1932–1936Arthur Miller
54%
#1 NBA draft pick who led the "Fab Five"1991–1993Chris Webber
54%
Car company founder whose name was made famous by
"Back to the Future"
?-1957John DeLorean
54%
Advocate for physician-assisted suicide?–1952Jack Kevorkian
46%
Haitian dictator known as "Papa Doc"late 1930sFrançois Duvalier
38%
Lead singer of the Stooges1960sIggy Pop
38%
Creator of the polio vaccineearly 1940sJonas Salk
31%
Co-founder of Google?–1995Larry Page
31%
Warren Buffett's business partner?–1943Charlie Munger
15%
Lawyer who defended John Scopes for teaching evolution1870sClarence Darrow
15%
Serial killer who (supposedly) built a hotel to murder his victims during
the Columbian Exposition in Chicago
1882–1884H. H. Holmes
8%

Score Distribution

Percentile by Number Answered

Percent of People with Each Score

Your Score History

You have not taken this quiz